[Event "Høstturneringen 2011"]
[Site "Ås, Akershus NOR"]
[Date "2011.12.01"]
[Round "7"]
[White "Lea, Per"]
[Black "Weberg, Øivind"]
[Result "1-0"]
[WhiteElo "1644"]
[BlackElo "1387"]
[Annotator "Lea,Per"]
[PlyCount "69"]
[EventDate "2011.09.01"]

1. e4 e6 2. d4 d5 3. Nc3 Bb4 4. e5 c5 5. a3 Bxc3+ 6. bxc3 Qc7 7. Qg4 f5 ({
En annen variant, som både Øivind og Steinar har spilt mot meg tidligere, er:} 
7... Ne7 8. Qxg7 Rg8 9. Qxh7 cxd4 10. Ne2 Nbc6 11. f4 {
og partiet blir i hvert fall ikke kjedelig og lukket!}) 8. Qg3 Nc6 9. Bb5 (9.
Nf3 {for å unngå de etterfølgende komplikasjonene (som jeg IKKE helt så
konsekvensene av da jeg plantet løperen på b5) foretrekkes av mer sarte sjeler}
) 9... cxd4 10. cxd4 Qa5+ {Fristende, men det blir vanskelig å beholde tårnet
på h8. Derfor hadde det vært bedre å skaffe tårnet noen ledige felt, f.eks.
ved} (10... Nge7 11. c3 a6 12. Be2 {Hvit gjør sannsynligvis klokt i å la
bonden på g7 stå i fred - dronninga kan lett bli stående bortgjemt på
kongefløyen}) 11. Bd2 Qxb5 12. Qxg7 Nxd4 13. Rc1 Bd7 14. Qxh8 ({
Det er bedre å hindre svart i å rokere:} 14. Bg5 Rc8 15. Qxh8 Nxc2+ 16. Rxc2
Qb1+ 17. Bc1 Rxc2 18. Qxg8+) 14... O-O-O 15. Qxh7 ({
Hvis hvit sovner et øyeblikk, er det fort gjort å lire av seg det automatiske} 
15. Nf3 $4 Qe2#) 15... Kb8 $4 (15... Qc4 $1 16. Qh3 (16. Kd1 $4 Qf1+ 17. Be1
Qxg2 18. Qh4 Nc6 {0-1}) 16... Nxc2+ 17. Rxc2 Qxc2 18. Qc3+ Qxc3 19. Bxc3 {
med ørliten fordel for hvit}) 16. Qh3 $2 {
Nå, derimot, hører dronninga hjemme på h4, ikke h3!} (16. Qh4 Qb6 17. c3 Nb5
18. Qb4 $18) 16... Rc8 17. c3 $2 {
Mye ruskete spill fra begge. Men de gamle kan ha det moro for det!} (17. Bc3
Rc4 18. Bxd4 Rxd4 19. Ne2 Re4 20. O-O Qxe2 21. Qh7 $16) 17... Nb3 18. Rd1 Nxd2
19. Rxd2 Qb3 (19... Qb1+ 20. Rd1 Qb2 21. Qd3 (21. Ne2 Ba4 22. Rd4 Qa1+ 23. Kd2
Qb2+ (23... Qxh1 24. Rxa4 {Hvit har problemer med å realisere merbonden}) 24.
Ke1 Qa1+ {Remis ved evig sjakk}) 21... Rxc3 22. Qb1 Qxa3 23. Ne2 Rb3 24. Qc1
Qb4+ 25. Qd2 a5 26. h4 {
med et interessant kappløp mellom randbønder hvor hvit bør vinne}) 20. Ne2 Qxa3
21. O-O Bb5 22. Rb1 Bxe2 23. Rxe2 Rxc3 24. Qh7 Rc1+ 25. Re1 Rxe1+ 26. Rxe1 Ne7
27. Qf7 Qc3 28. Rf1 {Feigt, men trygt} Nc6 29. Qf8+ Kc7 30. Qd6+ Kb6 31. Rb1+
Ka6 32. Qc7 ({Det er ikke alltid en matt-trussel er det beste. Her var det
bedre med det enkle og materialistiske:} 32. Qxe6 Qd3 33. Ra1+ Kb6 34. h4)
32... b6 ({Hvorfor ikke få fart på fribonden med en gang med:} 32... b5) 33.
Qc8+ Ka5 34. Qxe6 Nxe5 35. Qxd5+ {
Svart tapte på tid, men hvits plan er enkel: marsjere med h-bonden} 1-0

[Event "Høstturneringen 2011 Follo SFU"]
[Site "Ås, Akershus NOR"]
[Date "2011.09.22"]
[Round "1"]
[White "Nissen, Ulrik"]
[Black "Lea, Per"]
[Result "0-1"]
[WhiteElo "1163"]
[BlackElo "1644"]
[Annotator "Lea, Per"]
[PlyCount "52"]
[EventDate "2011.09.22"]

1. c4 Nf6 2. Nc3 g6 3. g3 Bg7 4. Bg2 d6 5. d3 O-O 6. e3 c5 7. Nge2 Nc6 8. Nf4
Bd7 9. O-O a6 10. Ncd5 b5 11. Qb3 Rb8 12. Bd2 $2 b4 $2 ({Etter at hvit har
spilt langt bedre enn 1100-spillere flest, kom det en feil i det 12. trekket -
som svart ikke klarer å utnytte:} 12... bxc4 13. Nxf6+ Bxf6 14. Qxc4 Rxb2 15.
Qc1 e6 {er klart fordelaktig for svart.}) 13. a3 ({Bedre er} 13. Nxf6+ {Etter}
Bxf6 14. Rab1 {er svarts fordel kun mikroskopisk.}) 13... a5 14. axb4 axb4 15.
Ra6 Rc8 $2 (15... Nxd5 16. Bxd5 Rb6 17. Ra2 {er bare en liten fordel for hvit.}
) 16. Nb6 Nb8 17. Nxd7 Nbxd7 18. Rfa1 $1 {Til tross for en ratingforskjell på
nesten 500, er det nå hvit som står klart best!} Ne8 19. Nd5 (19. Bb7 Rb8 20.
Ra7 Nc7 21. Bg2 {og svart har store problemer.}) 19... Nc7 20. Nxc7 Rxc7 21.
Ra8 Rc8 22. Qa2 {Ser naturlig og logisk ut, men her har ikke hvit sett langt
nok. En ting er at svart nå får byttet ut alle de tunge offiserene, men han
vinner en avgjørende bonde på kjøpet. Det var bedre for hvit å beholde presset
i a-linja ved å trekke tårnet tilbake til a5.} Rxa8 23. Qxa8 Qxa8 24. Rxa8 Rxa8
25. Bxa8 Bxb2 26. Bc6 $2 {Svarts fribonde blir avgjørende.} Ne5 {Hvit ga opp.}
0-1

[Event "Høstturneringen 2011 Follo SFU"]
[Site "Ås, Akershus NOR"]
[Date "2011.10.13"]
[Round "2"]
[White "Nissen, Ulrik"]
[Black "Aasestad, Tor Erik"]
[Result "1-0"]
[WhiteElo "1163"]
[BlackElo "819"]
[Annotator "Lea,Per"]
[PlyCount "25"]
[EventDate "2011.09.22"]

1. e4 e5 2. Nf3 Nc6 3. Bb5 d6 4. h3 a6 5. Ba4 b5 6. Bb3 Nf6 7. Nc3 {I spansk er
det vanligere å plassere bonden på c3 for å gi plas til løperen på c2. Men det
er vanlig at hvit rokerer tidligere, slik at han kan gardere e4-bonden ved
hjelp av et tårn på e1} ({Hvit kan også spille} 7. O-O {
fordi svart ikke vinner en bonde, men tvert i mot taper en bonde, etter} Nxe4
8. Bd5 Qd7 9. Bxe4 d5 10. Bd3 e4 11. Re1 Be7 12. Bxe4 dxe4 13. Rxe4) 7... Bb7
8. O-O Ne7 $2 {Ideen med å true bonden på e4 virker naturlig, men den er enkel
å gardere. Teksttrekket er en feil av flere grunner: 1. Ikke flytt samme
offiser flere ganger i åpningen! 2. Det er løperen som hører hjemme på e7. 3.
Trekket er en bukk som hvit riktig nok ikke utnytter.} 9. Re1 (9. Ng5 {
stiller svart overfor store problemer.}) 9... c6 10. d4 (10. Ng5 d5 11. d4 exd4
12. exd5 dxc3 13. dxc6 Qxd1 14. Bxf7+ Kd8 15. Rxd1+ Kc7 16. Bf4+ Kb6 17. cxb7
Kxb7 18. bxc3 {er klar fordel for hvit.}) 10... exd4 ({Etter} 10... c5 {
kan svart kjempe videre.}) 11. Nxd4 ({For tredje gang i partiet er} 11. Ng5 {
sterkere, men til hvits forsvar kan nevnes at det ikke er lett å se at hvit
faktisk kan la springeren på c3 stå i slag. Hvit setter nemlig enten svart
matt, eller vinner dronninga:} dxc3 12. Bxf7+ Kd7 13. Be6+ Kc7 (13... Ke8 14.
e5 Nfd5 15. Qg4 Qc7 16. Bf7+ Kd8 17. Ne6+) 14. Nf7 cxb2 (14... Qe8 15. Qxd6+
Kb6 16. Be3+ Ka5 17. Qa3#) 15. Bxb2 Ng6 16. Nxd8) 11... c5 12. Nf5 c4 $2 {
Svart blir grisk og tror han vinner hvits løper. Men man må aldri glemme
motstanderenstrusler!} 13. Nxd6+ $3 {
Svart ga opp fordi avdekkersjakken etter at kongen går til d7 vinner dronninga.
} 1-0

[Event "Høstturneringen 2011 Follo SFU"]
[Site "Ås, Akershus NOR"]
[Date "2011.10.20"]
[Round "3"]
[White "Aasestad, Tor Erik"]
[Black "Lea, Per"]
[Result "0-1"]
[WhiteElo "819"]
[BlackElo "1644"]
[Annotator "Lea, Per"]
[PlyCount "60"]
[EventDate "2011.09.22"]

1. e4 e5 2. Nf3 Nc6 3. Bc4 Nf6 4. Nc3 Bc5 5. d3 h6 6. a3 d6 7. b4 Bb6 8. Bb2
Bg4 9. Nd5 Nxd5 10. Bxd5 a6 11. h3 Bh5 12. c3 Qd7 13. d4 {
Ingen alvorlig feil, men rokade hadde nok vært sikrere} O-O-O 14. a4 {
Igjen var rokaden å foretrekke. Selv om det ikke er noen umiddelbare trusler
mot den hvite monarken, er det skummelt å la ham bli ståendeiutgangsstillingen}
Ne7 15. Bc4 f5 {Fristende, men bedre er nok} (15... d5 16. exd5 exd4 17. cxd4
Qd6 18. O-O {
Her var det best å få kongen i sikkerhet, selv om det koster en bonde.} ({
Det tilsynelatende naturlige} 18. b5 {koster en løper etter} Qb4+)) 16. exf5
Qxf5 17. g4 {En tilsynelatende avgjørende gaffel, men svart kommer seg unna
fordi hvit ikke har rokert. Dermed får svart tid til en mellomsjakk og unngår
offiserstap} Qe4+ 18. Be2 Bg6 19. a5 Ba7 20. Rg1 {Selv om det frigjør
springeren på f3 for bindingen, er dette en feil. Presset på springeren øker,
og det hjelper ikke at den er gardert av løperen på e2 og dronninga på d1
fordi løperen fremdeles er bundet. Alle problemene skyldes den uteblitte
rokaden!} Rhf8 21. Rg3 h5 22. Ng5 Qh1+ $2 {
Fristende og naturlig, men ikke godt.} (22... Qf4 {
er trekket, hvoretter hvit ikke har noe bedre enn} 23. Bf3 exd4 24. Ne6 Qe5+
25. Qe2 h4 26. Qxe5 dxe5 27. Nxd8 hxg3 28. Bxb7+ Kxd8 29. fxg3 d3 {
og svart bør vinne lett}) 23. Bf1 $2 {
Ofte besvares et dårlig trekk med et dårlig tremm, så også her.} (23. Kd2 Qxd1+
24. Rxd1 Rxf2 {er riktig nok fordelaktig for svart, men det skal kjempes en
god del før seieren eventiuelt er i havn}) 23... Rf6 $4 {
Gir bort nesten hele fordelen.} (23... Nd5 24. Ne6 exd4 25. Nxf8 dxc3 26. Bc1
Re8+ 27. Be3 Nxe3 28. fxe3 Qh2 29. Rf3 {ville vært totalt avgjørende. Men jeg
overvurderte svarts trussel om å vinne en kvalitet.}) 24. gxh5 Rdf8 25. f3 $4 {
Her glipper det for hvit. Etter} (25. Qg4+ Kb8 26. O-O-O {
er det plutselig hvit som står litt bedre} Be8 {
er en avgjøørende bikk av svart på grunn av} 27. Bg2 Qh2 28. Rh1 {
og dronninga er fanget}) 25... Bxh5 (25... Nf5 {er enda bedre}) 26. Kf2 e4 27.
Nxe4 $4 {Nå rakner det helt} Rxf3+ 28. Rxf3 Bxf3 (28... Rxf3+ 29. Qxf3 Qxf3+
30. Kg1 Qxe4 {var enda bedre, men jeg regnet med at trusselen om en
avdekkersjakk ville være best. Så feil kan man ta...}) 29. Qd2 Bxe4+ 30. Ke3
Qf3# 0-1

[Event "Klubbmesterskapet 2011"]
[Site "Ås, Akershus NOR"]
[Date "2011.01.20"]
[Round "1"]
[White "Bakken, Svein-Erik"]
[Black "Lea, Per"]
[Result "0-1"]
[WhiteElo "1402"]
[BlackElo "1566"]
[PlyCount "52"]
[EventDate "2011.01.20"]

1. d4 Nf6 2. c4 g6 3. Nc3 Bg7 4. e4 d6 5. f4 O-O 6. Be2 c5 7. Nf3 cxd4 8. Nxd4
Nc6 9. Nf3 Qb6 10. Na4 Qc7 11. Nc3 b6 12. O-O Bb7 13. Nd5 Qd7 14. Nxf6+ Bxf6
15. e5 Bg7 16. exd6 exd6 17. a3 Rad8 18. Rb1 d5 19. cxd5 Qxd5 20. Qxd5 Rxd5 21.
b4 Nd4 22. Nxd4 Rxd4 23. Bb2 Rd2 24. Bxg7 Rxe2 25. Bxf8 Rxg2+ 26. Kh1 Rg5+ 0-1

[Event "Klubbmesterskapet 2011"]
[Site "Ås, Akershus NOR"]
[Date "2011.01.20"]
[Round "1"]
[White "Garmark, Vegard"]
[Black "Moberg, Jan Rune"]
[Result "0-1"]
[WhiteElo "1100"]
[BlackElo "1545"]
[PlyCount "74"]
[EventDate "2011.01.20"]

1. e4 Nf6 2. Nc3 d6 3. d4 Nbd7 4. Nf3 e5 5. d5 Be7 6. Be3 O-O 7. Qd2 a6 8. h3
b5 9. Bd3 Nb6 10. g4 Bb7 11. g5 Nh5 12. Nh4 g6 13. Be2 Nf4 14. Nf3 Nxe2 15.
Qxe2 Nc4 16. Bc1 f5 17. gxf6 Bxf6 18. Nd2 Bh4 19. Rf1 Nxd2 20. Bxd2 b4 21. Nd1
a5 22. Bh6 Rf7 23. Ne3 Ba6 24. Nc4 Qf6 25. b3 g5 26. Qh5 Qf4 27. Qg4 Qxg4 28.
hxg4 Rf4 29. O-O-O Kf7 30. Rh1 Rxg4 31. Ne3 Rxe4 32. Nf5 Bxf2 33. Rdf1 Bxf1 34.
Rxf1 Rf4 35. Rxf2 Rxf2 36. Ne3 Kg6 37. Kd1 Rh2 0-1

[Event "Klubbmesterskapet 2011"]
[Site "Ås, Akershus NOR"]
[Date "2011.01.20"]
[Round "1"]
[White "Thowsen, Alf Geir"]
[Black "Olsen, Trygve"]
[Result "0-1"]
[WhiteElo "1192"]
[BlackElo "1246"]
[Annotator "Lea,Per"]
[PlyCount "130"]
[EventDate "2011.01.20"]

1. d4 {[%emt 0:00:00]} d5 2. c4 c6 3. Nc3 e6 4. Nf3 g6 5. e3 Bg7 6. Be2 Nf6 7.
Bd2 Nbd7 8. Rc1 a6 9. c5 O-O 10. O-O Ne4 11. Nxe4 dxe4 12. Ne1 Qh4 13. f3 exf3
14. Nxf3 Qd8 15. b4 f5 16. a4 Nf6 17. Be1 Bh6 18. Bf2 Ne4 19. Qb3 Nxf2 20. Rxf2
Qd5 21. Bc4 Qe4 22. Re2 Re8 23. Nd2 Qg4 24. Rf1 Kh8 25. Rf3 e5 26. Rg3 Qh4 27.
dxe5 Qe7 28. Nf3 f4 29. exf4 Bxf4 30. Qc3 Qg7 31. Ng5 Bxg3 32. Nf7+ Kg8 33.
Nd6+ Kf8 34. Nxe8 Kxe8 35. Qxg3 Bf5 36. Qe1 Rd8 37. e6 Qd4+ 38. Re3 Qxc4 39. e7
Rd7 40. h3 Bc2 41. Kh2 Qf4+ 42. g3 Qf7 43. Re2 Bxa4 44. Qa1 Rxe7 45. Rxe7+ Qxe7
46. Qxa4 Qe2+ 47. Kg1 Qe3+ 48. Kg2 Qe4+ 49. Kf2 Kd7 50. Qa5 Kc8 51. Qb6 Kb8 52.
h4 Qd4+ 53. Kf3 Kc8 54. Qa5 Qf6+ 55. Ke4 Kb8 56. Qa3 Qf5+ 57. Ke3 g5 58. hxg5
Qxg5+ 59. Ke4 Qg4+ 60. Ke5 Qh3 61. Qf3 Ka8 62. Qf4 Ka7 63. Qg5 Qh1 64. Qd8 Qe1+
65. Kd6 Qxg3+ 0-1

[Event "Klubbmesterskapet 2011"]
[Site "Ås, Akershus NOR"]
[Date "2011.01.20"]
[Round "1"]
[White "Furnes, Torstein"]
[Black "Stensland, Martin"]
[Result "1-0"]
[WhiteElo "1551"]
[BlackElo "1162"]
[PlyCount "79"]
[EventDate "2011.01.20"]

1. d4 d5 2. c4 Nf6 3. cxd5 Nxd5 4. e4 Nf6 5. Nc3 c6 6. Nf3 Bg4 7. Be2 Nbd7 8.
O-O e6 9. Be3 Be7 10. Rc1 O-O 11. Qd2 Bxf3 12. Bxf3 e5 13. d5 Nb6 14. Rfd1 Nc4
15. Qe2 Nxe3 16. Qxe3 Qb6 17. Qxb6 axb6 18. a3 Rfd8 19. Rd3 g6 20. g3 Kg7 21.
Rcd1 b5 22. d6 Bf8 23. Bg2 Nd7 24. R3d2 Nb6 25. Bf1 Nc8 26. d7 Ne7 27. f4 exf4
28. gxf4 Ng8 29. e5 Bc5+ 30. Kg2 Be3 31. Re2 Bxf4 32. Kf3 Bg5 33. Ne4 Be7 34.
Bh3 f5 35. exf6+ Nxf6 36. Ng5 Nd5 37. Ne6+ Kh6 38. Nxd8 Rxd8 39. Rxd5 Rf8+ 40.
Rf5 1-0

[Event "Klubbmesterskapet 2011"]
[Site "Ås, Akershus NOR"]
[Date "2011.01.27"]
[Round "2"]
[White "Lea, Per"]
[Black "Garmark, Vegard"]
[Result "1-0"]
[WhiteElo "1566"]
[BlackElo "1100"]
[Annotator "Lea,Per"]
[PlyCount "45"]
[EventDate "2011.01.20"]

1. e4 d5 2. exd5 Qxd5 3. Nc3 Qa5 4. d4 c6 5. Bc4 Nf6 6. Bd2 Qc7 7. Nf3 Bg4 8.
h3 Bh5 9. g4 Bg6 10. Ne5 Nbd7 11. f4 h6 $2 (11... e6 12. Qe2 O-O-O 13. O-O-O
Nb6 $11) 12. Qe2 e6 $4 13. Nxg6 $2 (13. f5 Bxf5 (13... exf5 14. Nxg6+ Kd8 15.
Nxh8 {1-0}) 14. gxf5 Nxe5 15. dxe5 Nd5 16. fxe6 fxe6 17. Qh5+ Qf7 18. Qxf7+
Kxf7 19. O-O+ Ke8 $18) 13... fxg6 14. Qxe6+ Kd8 15. O-O-O Bd6 16. Qe3 (16. g5
Re8 17. Qf7 Re7 18. Qxg6) 16... b5 17. Bf7 g5 $2 18. fxg5 hxg5 19. Qxg5 Kc8 20.
d5 Ne5 21. Qxg7 Rh7 $2 (21... Nxf7 22. Qxf6 $18) 22. Be6+ Ned7 23. Qxf6 {
Oppgitt} 1-0

[Event "Klubbmesterskapet 2011"]
[Site "Ås, Akershus NOR"]
[Date "2011.04.12"]
[Round "2"]
[White "Simonsen, Steinar"]
[Black "Bakken, Svein-Erik"]
[Result "1/2-1/2"]
[WhiteElo "1321"]
[BlackElo "1402"]
[PlyCount "77"]
[EventDate "2011.??.??"]

1. c4 c5 2. Nc3 Nc6 3. Nf3 e6 4. g3 Nf6 5. Bg2 Be7 6. O-O O-O 7. d4 d5 8. cxd5
exd5 9. dxc5 Bxc5 10. Bg5 Be7 11. Bxf6 Bxf6 12. Qb3 Bxc3 13. Qxc3 Qb6 14. e3
Be6 15. Rfd1 Rac8 16. Qd2 Rfd8 17. Ng5 Ne7 18. b3 Bf5 19. Rac1 h6 20. Nf3 Be4
21. Rxc8 Rxc8 22. Rc1 Qd8 23. Nd4 a6 24. Bh3 Rxc1+ 25. Qxc1 Qb6 26. f3 Bg6 27.
Qa3 Qc7 28. Qb2 Qc5 29. Qd2 a5 30. Bf1 Kh7 31. Bd3 Bxd3 32. Qxd3+ Kg8 33. Kg2
g6 34. Qb5 b6 35. a4 Kg7 36. Qd3 Nc6 37. Nxc6 Qxc6 38. Qd4+ Kg8 39. Qd3 1/2-1/2

[Event "Klubbmesterskapet 2011"]
[Site "Ås, Akershus NOR"]
[Date "2011.01.27"]
[Round "2"]
[White "Moberg, Jan Rune"]
[Black "Furnes, Torstein"]
[Result "1/2-1/2"]
[WhiteElo "1569"]
[BlackElo "1551"]
[PlyCount "122"]
[EventDate "2011.01.20"]

1. c4 e5 2. g3 Nf6 3. Bg2 Bc5 4. Nf3 d6 5. O-O O-O 6. d4 exd4 7. Nxd4 Nbd7 8.
a3 Ne5 9. b3 c6 10. Bb2 Bg4 11. h3 Bxd4 12. Bxd4 Bf5 13. Nd2 Qd7 14. Kh2 Qe7
15. e4 Bd7 16. Re1 c5 17. Bc3 Bc6 18. Qc2 Rad8 19. Nf1 Rfe8 20. Ne3 b5 21. f4
Bxe4 22. Bxe4 Nxe4 23. Nd5 Nf3+ 24. Kg2 Nxe1+ 25. Rxe1 Qe6 26. Nc7 Qg6 27. g4
f5 28. Nxe8 Rxe8 29. g5 h6 30. Bd2 hxg5 31. fxg5 bxc4 32. Qxc4+ Qf7 33. Bf4
Qxc4 34. bxc4 Rb8 35. Re3 Rb2+ 36. Kg1 Kf7 37. Rd3 Ke6 38. h4 a5 39. h5 a4 40.
h6 gxh6 41. gxh6 Rb3 42. h7 Rb8 43. Rh3 Rh8 44. Rh6+ Kf7 45. Bxd6 Nxd6 46. Rxd6
Rxh7 47. Ra6 Rh4 48. Rxa4 Ke6 49. Kf2 Ke5 50. Ke3 Rh3+ 51. Kf2 Kd4 52. Ra8 Kxc4
53. a4 Ra3 54. Rf8 Rxa4 55. Rxf5 Kb4 56. Ke2 c4 57. Kd2 c3+ 58. Kc2 Ra2+ 59.
Kc1 Kb3 60. Rb5+ Kc4 61. Rb8 Kd3 1/2-1/2

[Event "Klubbmesterskapet 2011"]
[Site "Ås, Akershus NOR"]
[Date "2011.02.14"]
[Round "3"]
[White "Furnes, Torstein"]
[Black "Lea, Per"]
[Result "0-1"]
[WhiteElo "1576"]
[BlackElo "1566"]
[Annotator "Lea,Per"]
[PlyCount "98"]
[EventDate "2011.01.20"]

1. d4 d5 2. c4 e6 3. Nc3 Nf6 4. Bg5 Be7 5. e3 c6 6. Nf3 Nbd7 7. Rc1 O-O 8. Bd3
dxc4 9. Bxc4 Nd5 10. Bxe7 Qxe7 11. O-O Nxc3 12. Rxc3 ({I høstturneringa 2010
overrasket Holger Lange meg ved å slå med bonden i stedet:} 12. bxc3 e5 13. Nd2
Nf6 14. Re1 Qc7 $2 15. Bd3 Be6 16. c4 Rad8 17. d5 Bg4 18. f3 Bh5 {og hvit står
nok en smule bedre, men kunne stått enda bedre med litt forsiktigere aktivitet
av c- og d-bøndene. I følge partibasen www.chesslive.de er det blitt slått på
c3 med tårnet nesten 20 ganger så mange ganger som med bonden. Men logikken
bak bondeslaget virker intuitivt fornuftig.}) 12... e5 {
Standardmetoden i klassisk dronninggambit for å frigjøre svarts løper.} 13.
dxe5 Nxe5 14. Nxe5 Qxe5 15. Qb3 {Virker naturlig på flere nivåer: legger press
på f7, vanskeliggjør utviklingen av svarts løper, gir hvits tårn et godt felt
på d1. Allikevel er det mest vanlige:} (15. f4 {som lett kan føre til en felle
jeg gikk rett inn i mot Gunnar Stake Larsen, Østlandsseriens 1. divisjon 2006/
2007:} Qe7 16. f5 Rd8 17. f6 Rxd1 $4 (17... gxf6 {er det eneste trekket som
ikke fører rett inn i elendigheten, men det trekket er på den anne side så
heslig at jeg aldri vurderte det en gang.}) 18. fxe7 Rxf1+ 19. Bxf1 $3 {
Oppgitt!! Jeg synes også dette fortjener to utropstegn - jeg så altså:} Be6 20.
Rd3 Bd5 21. e4 {og hvit vinner løperen og partiet. Med hvits konge på f1
regnet eg med å berge skinnet, men hvits fordel ville vel uansett vært stor
nok til å vinne - spesielt når vi tar i betraktning spillernes ratingtall
(1932 mot 1587)}) (15. Qc2 {fikk jeg mot meg av Svein-Erik Bakken
(høstturneringa 2000). Det partiet endte remis etter} Bf5 16. Bd3 Bxd3 17. Rxd3
Rfd8 18. Rfd1 $1 Qc7 19. h3 h6 20. Qd2 Rxd3 21. Qxd3 Re8 22. Qd7 Re7 23. Qd8+
Kh7 24. Qxc7 Rxc7 25. f4 Kg6 26. g4 $2 (26. Kf2) 26... Kf6 27. Kf2 Ke7 28. e4
Rd7 29. Rxd7+ Kxd7 30. Ke3 Kd6 31. b4 $2 b6 {Her kunne jeg tatt initiativet,
men følte vel at jeg hadde spilt forsvarerens rolle de siste 15 trekkene og
følgelig hadde jeg autopiloten koblet inn.} (31... g5 $1 32. a4 c5 33. e5+ (33.
bxc5+ $4 Kxc5 34. f5 Kc4 35. a5 b6 36. axb6 axb6 37. e5 Kd5 38. e6 fxe6 39. f6
Kd6 40. Ke4 b5 41. Kd4 e5+ 42. Ke4 b4 43. f7 Ke7 {og svart vinner.}) 33... Kd5
34. bxc5 a5 35. Kf3 Kxc5 $17)) 15... Rb8 ({
Holger Lange - Per Lea (klubbmesterskapet 2005) fortsatte:} 15... b5 {
[%emt 0:00:00]} 16. Bd3 Bb7 17. Qc2 h6 18. Be4 Rac8 19. Bxc6 $2 (19. Rc5 Qf6
20. a4 {beholder et visst initiativ.}) 19... Rxc6 20. Rxc6 Bxc6 21. Qxc6 Qxb2
22. Qa6 Rd8 23. Qxa7 b4 {med ubetydelig fordel for hvit (remis i 59. trekk).})
16. Rd1 Bf5 17. Rd4 b5 $2 {Det er noe med den svarte bondestillingen som ikke
føles helt riktig. Er jeg ned-dopet av Torsteins kaker, kjeks og te? (partiet
ble spilt privat)} 18. Be2 $2 {Takk for sist - kanskje Torstein har kikket for
dypt i kakefatet også? Bedre var nok:} (18. Bd3 Bxd3 19. Rcxd3 Rfe8 20. Rd7 Re7
21. f4 {og jeg liker kakene bedere enn stillingen min.}) 18... Be6 $2 {
Nå svinger det litt for mye fram og tilbake, i hvert fall hvis vi skal lytte
til Fritz.} (18... Rfd8 19. Qd1 Rxd4 20. Qxd4 Qxd4 21. exd4 Re8 22. Kf1 Be4 {
og hvits fordel er liten (men neppe avgjørende på vårt nivå)}) 19. Qc2 Bf5 $2 (
{Bedre:} 19... Bd5 20. Rc5 Rfe8 21. g3 {selv om hvit står best her også.}) 20.
Bd3 $2 ({Igjen svinger det. Hvit beholder fordelen etter:} 20. Qd2 Rbc8 21. b4)
20... Rfd8 21. Rxd8+ Rxd8 22. Bxf5 Qxf5 {Morsomt, men fortjener ikke
betegnelsen "genialt dronningoffer". Svart har nå sannsynligvis utliknet.} 23.
h3 Qxc2 24. Rxc2 Rd6 25. Kf1 Kf8 26. Ke2 Ke7 27. e4 Re6 28. Kd3 Kd6 29. b4 Re8
30. f4 a5 31. e5+ Kc7 32. bxa5 Ra8 33. Kd4 Rxa5 34. Kc5 Ra3 35. f5 $2 (35. Kd4
g6 36. Rf2 Kb6 37. f5 gxf5 38. Rxf5 Rxa2 39. Rxf7 c5+ 40. Ke3 Rxg2 41. e6 {
er sannsynligvis innenfor remisgrensene, muligens med et lite pluss for svart.
En annen sak er at teksttrekket ser vel så fornuftig ut under partiets gang.
Fritz har det med å ødelegge for klubbspillere på vårt nivå.}) 35... Re3 $2 (
35... Ra4 $1 36. f6 (36. e6 $2 fxe6 37. fxe6 Re4 $17) 36... gxf6 37. exf6 Rf4
38. g4 Rxf6 $15) 36. Kd4 $1 Re1 37. g4 Kb6 38. a3 c5+ {
Ekkelt trekk å få mot seg i tidsnøden!} 39. Kd5 (39. Rxc5 $4 Rd1+ {
og svart vinner.}) 39... Rd1+ 40. Ke4 Rd4+ 41. Ke3 Kc6 42. Rb2 $2 (42. Rc3 {
og det er vanskelig å se hvordan svart skal kunne vinne.}) 42... Ra4 43. Rb3 c4
44. Rc3 Kd5 45. Kf4 $2 {Sannsynligvis tapstrekket. Hvit kunne ha prøvd:} (45.
e6 fxe6 46. fxe6 Ra6 (46... Kxe6 47. Kd4 Kd6 {bør også holde.}) 47. e7 Re6+ 48.
Kd2 Rxe7 $19) 45... Kd4 46. Re3 {
Nå har både tårnet og kongen fjernet seg for langt vekk fra fribonden.} (46.
Rc1 {kjemper litt lenger, men svart vinner etter:} c3 ({
En fristende forsettelse ville være:} 46... Rxa3 $2 47. e6 fxe6 48. fxe6 Re3 $4
49. Rd1+ Rd3 50. Rxd3+ cxd3 51. e7 d2 52. e8=Q d1=Q 53. Qd8+ {og hvit vinner.})
47. e6 fxe6 48. fxe6 Kd3+ 49. Ke5 c2 50. e7 Re4+ 51. Kd6 Kd2 52. Rg1 c1=Q 53.
Rxc1 Kxc1 54. Kd7 Kb2 55. e8=Q Rxe8 56. Kxe8 Kxa3) 46... c3 47. e6 fxe6 48.
fxe6 c2 49. Re4+ Kd5 {Hvit gir opp. Den gamle regelen om at "svarte fribønder
går fortest" står ved lag...} 0-1